John Bull Stamp Auctions, Ltd presents "The Provincial city", collection of the opening of China ; Canton, 1801 to 1856. (Record no. 524)

000 -LEADER
fixed length control field 00530nam a22001577a 4500
003 - CONTROL NUMBER IDENTIFIER
control field OSt
008 - FIXED-LENGTH DATA ELEMENTS--GENERAL INFORMATION
fixed length control field 140419b xxu||||| |||| 00| 0 eng d
041 ## - LANGUAGE CODE
Language code of text/sound track or separate title eng
100 1# - MAIN ENTRY--PERSONAL NAME
Personal name John Bull Stamp Auctions.
245 10 - TITLE STATEMENT
Title John Bull Stamp Auctions, Ltd presents "The Provincial city", collection of the opening of China ; Canton, 1801 to 1856.
260 ## - PUBLICATION, DISTRIBUTION, ETC. (IMPRINT)
Place of publication, distribution, etc. Hong Kong
Name of publisher, distributor, etc. John Bull Stamp Auctions
300 ## - PHYSICAL DESCRIPTION
Extent 28 pages
650 #0 - SUBJECT ADDED ENTRY--TOPICAL TERM
Topical term or geographic name as entry element Postal history--China--Exhibits
650 #0 - SUBJECT ADDED ENTRY--TOPICAL TERM
Topical term or geographic name as entry element Covers--China--Auction catalogs
650 #0 - SUBJECT ADDED ENTRY--TOPICAL TERM
Topical term or geographic name as entry element Shek, Peter. Exhibits
Holdings
Withdrawn status Lost status Source of classification or shelving scheme Materials specified (bound volume or other part) Damaged status Not for loan Collection code Permanent Location Current Location Shelving location Date acquired Total Checkouts Full call number Barcode Date last seen Price effective from Koha item type
      Soft Cover     Al Hyman Northern Philatelic Library Northern Philatelic Library General Stacks 04/19/2014   G7821 .P856 J651 1000698 06/27/2015 06/27/2015 Books

Powered by Koha